Population and Households of Japan 2015 Overview of the Results of the 2015 Population Census

Salvato in:
Dettagli Bibliografici
Natura: Libro
Lingua:inglese
Pubblicazione: Tokyo Statistics Bureau Ministry of Internal Affairs and Communications 2018
Soggetti:
Tags: Aggiungi Tag
Nessun Tag, puoi essere il primo ad aggiungerne!!

MARC

LEADER 00000nam a2200000 4500
001 0252715
005 20260122094947.6
041 0 |a eng 
044 |a JP 
245 1 0 |a Population and Households of Japan 2015  |b Overview of the Results of the 2015 Population Census 
264 1 |a Tokyo  |b Statistics Bureau Ministry of Internal Affairs and Communications  |c 2018 
300 |a 85 s. 
610 2 0 |a štatistika demografická 
610 2 0 |a domácnosti 
610 2 0 |a populácia 
610 2 0 |a vek 
610 2 0 |a vzdelanie 
610 2 0 |a zamestnanie 
610 2 0 |a sily pracovné 
610 2 0 |a Japonsko